=LDR 00000nam 2200000 4500 =001 INLIS000000000009608 =005 20130612101408 =008 ***********************************Ind** =035 ##$$0010-061300000009608 =041 ##$$a Ind =082 ##$$a 2x6.3 =090 ##$$a 2x6.3, kar e =100 ##$$a Karim, A.Karim =245 ##$$a Ekonomi Islam, IR.H.Adhiwarman A.Karim =260 ##$$a 2001 $b Jakarta =300 ##$$a 202 hlm, 24 cm =650 ##$$a Islam dan Ekonomi =850 ##$$a NBPNMAT